សេចក្ដីណែនាំក្នុងការរៀបចំនិក្ខេបបទ សារណាបទ និង របាយការណ៍បញ្ចប់ការសិក្សា (Record no. 9966)
[ view plain ]
| 000 -LEADER | |
|---|---|
| fixed length control field | 00408nam a22001217a 4500 |
| 040 ## - CATALOGING SOURCE | |
| Transcribing agency | SY |
| 082 ## - DEWEY DECIMAL CLASSIFICATION NUMBER | |
| Classification number | 303 |
| 100 ## - MAIN ENTRY--AUTHOR NAME | |
| Personal name | NA |
| 245 ## - TITLE STATEMENT | |
| Title | សេចក្ដីណែនាំក្នុងការរៀបចំនិក្ខេបបទ សារណាបទ និង របាយការណ៍បញ្ចប់ការសិក្សា |
| 260 ## - PUBLICATION, DISTRIBUTION, ETC. (IMPRINT) | |
| Place of publication | RUA |
| Name of publisher | NA |
| Year of publication | 2005 |
| 300 ## - PHYSICAL DESCRIPTION | |
| Number of Pages | 95p. |
| 942 ## - ADDED ENTRY ELEMENTS (KOHA) | |
| Koha item type | សៀវភៅភាសាខ្មែរ |
| 952 ## - LOCATION AND ITEM INFORMATION (KOHA) | |
| Withdrawn status [LOCAL, KOHA] | 0 |
| 952 ## - LOCATION AND ITEM INFORMATION (KOHA) | |
| Withdrawn status [LOCAL, KOHA] | 0 |
| Permanent Location | Date acquired | Koha item type | Lost status | Barcode | Shelving location | Current Location | Full call number |
|---|---|---|---|---|---|---|---|
| Library Block C | 2016-09-16 | សៀវភៅភាសាខ្មែរ | RUA42117 | Library Block C | 303 NA 2005 | ||
| Library Block C | 2016-09-19 | សៀវភៅភាសាខ្មែរ | RUA045168 | C073 | Library Block C | 303 NA 2005 C073 |